000 006630000a22002170004500
003 LK-CoMWRAF
005 20231206102804.0
008 230817t2005 ||||| |||| 00| 0 eng d
020 _a9789558095911
040 _aLK-CoMWRAF
_dLK-CoMWRAF
_eLK-CoMWRAF
041 _aeng
082 _a355.02
_bSUB
100 _aSubramanian, Nirupama
245 _aSri Lanka:
_bvoices from a war zone
260 _aColombo:
_bVijitha Yapa,
_c2005
300 _axviii, 230 p. : 1 map ; 23 cm.
_bBibliography included
650 _aETHNIC CONFLICT-Sri Lanka
650 _aTamil (Indic people)--Sri Lanka--Ethnic identity
650 _aCulture conflict-Sri Lanka
942 _cBK
999 _c1210
_d1210